|
|
|
|
| LEADER |
00000nab a2200000 a 4500 |
| 001 |
vtls000748297 |
| 003 |
SK-MaSNL |
| 005 |
20260318123501.0 |
| 008 |
160405c2000 xo 0 eng |
| 015 |
|
|
|a SNBRB2001/04-10203
|
| 035 |
|
|
|a CLN000100124
|
| 040 |
|
|
|a SNKBUCL
|b slo
|c SNKBUCL
|e AACR2
|
| 041 |
0 |
|
|a eng
|
| 044 |
|
|
|a xo
|c SK
|
| 080 |
|
|
|a 595.121:597.5:576.89:57.086.3
|2 1997
|
| 080 |
|
|
|a 576.89
|2 1997
|
| 100 |
1 |
|
|a Jones, Malcolm K.
|4 aut
|9 1311940
|
| 245 |
1 |
0 |
|a Ultrastructure of the scolex, rhyncheal system and bothridial pits of Otobothrium mugilis (Cestoda: Trypanorhyncha)
|c Malcolm K. Jones
|
| 300 |
|
|
|b Obr.
|
| 504 |
|
|
|a Res. angl.
|
| 504 |
|
|
|a Bibliogr. odkazy
|
| 650 |
0 |
7 |
|a Trypanorhyncha
|2 SNK
|9 1311941
|
| 650 |
0 |
7 |
|a Otobothrium mugilis
|2 SNK
|9 1311942
|
| 650 |
0 |
7 |
|a rhyncheálny systém
|2 SNK
|9 1311943
|
| 650 |
0 |
7 |
|a fylogenéza
|2 SNKPH
|9 19988
|
| 650 |
0 |
7 |
|a klasifikácia
|2 SNKPH
|9 3849
|
| 650 |
0 |
7 |
|a prístrojové vybavenie
|2 SNK
|9 862295
|
| 650 |
0 |
7 |
|a ryby
|2 SNKPH
|9 2750
|
| 650 |
0 |
7 |
|a ploskavce
|2 SNKPH
|9 50782
|
| 650 |
0 |
7 |
|a snímacia elektrónová mikroskopia
|2 SNKPH
|9 1311944
|
| 650 |
0 |
7 |
|a metódy
|2 SNKPH
|9 3855
|
| 650 |
0 |
7 |
|a anatómia
|2 SNKPH
|9 695
|
| 650 |
0 |
7 |
|a histológia
|2 SNKPH
|9 2480
|
| 650 |
0 |
7 |
|a parazitológia
|2 SNKPH
|9 19985
|
| 655 |
|
7 |
|a články z novín a časopisov
|2 SNK
|9 267496
|
| 773 |
0 |
|
|x 0015-5683
|t Folia parasitologica
|g Roč. 47, č. 1 (2000), s. 29-38
|
| 850 |
|
|
|a Slovenská národná knižnica v Martine
|
| 852 |
|
|
|a SNK
|b KIS3GCP
|
| 958 |
|
|
|a MI
|
| 958 |
|
|
|a NB
|
| 958 |
|
|
|a RBX
|
| 999 |
|
|
|c 2640021
|d 2641951
|